El argumento del tercer hombre /

Guardado en:
Formato: Libro
Publicado: Buenos Aires : Biblos, 1979
Series:Cuadernos De Fil. AntigÜa, 6
Materias:
Etiquetas: Agregar Etiqueta
Sin Etiquetas, Sea el primero en etiquetar este registro!
LEADER 00482nam a22001695a 4500
001 EHU.bham001221
003 AR-BHAM
005 20070315163516.0
008 130507s1979##################000#0#####d
082 1 1 |a 111 
245 0 0 |a El argumento del tercer hombre /  |c  . 
260 |a Buenos Aires :  |b Biblos,  |c 1979 
300 |a 32 p. 
490 0 |a Cuadernos De Fil. AntigÜa, 6 
500 |a Texto Y Bibliografia 
653 |a Ontologia 
859 |a AR-BHAM  |b BIB. HUMANIDADES - General  |h 111  |i Ar38  |p 264.81  |t Ej.1